Steven Universe - Steven and the Stevens - Lyrics Quiz - Statistics

General Stats
  • This quiz has been taken 5 times
  • The average score is 78 of 81
Answer Stats
Character Lyrics % Correct
a
100%
all
100%
all
100%
and
100%
and
100%
and
100%
and
100%
and
100%
and
100%
anybody,
100%
All Are
100%
All Are
100%
be
100%
Steven Universe 1 Can't
100%
Come
100%
don't
100%
eyes
100%
Steven Universe 4 FOUR
100%
gonna
100%
guy
100%
guy
100%
guys
100%
Steven Universe 4 (he's
100%
him
100%
him
100%
I,
100%
I,
100%
I'm
100%
I'm
100%
Steven Universe 1 I'm
100%
I'm
100%
in
100%
it
100%
like
100%
like
100%
like
100%
make
100%
Me,
100%
Me,
100%
me!)
100%
my
100%
myself,
100%
myself,
100%
not
100%
not
100%
not
100%
now,
100%
on,
100%
one,
100%
ONE,
100%
other
100%
same
100%
same
100%
see
100%
shy
100%
smile
100%
Steven
100%
Steven Universe 1 Steven
100%
Stevens
100%
Stevens
100%
that
100%
Steven Universe 1 That's
100%
Steven Universe 4 (that's
100%
the
100%
the-
100%
the
100%
the
100%
the
100%
the
100%
the
100%
Steven Universe 3 THREE,
100%
Steven Universe 2 TWO,
100%
We're
100%
you
100%
you
100%
completely
67%
just
67%
well..)
67%
few
33%
right
33%
There's
33%
No matching quizzes found
Score Distribution
Percent of People with Each Score
Percentile by Number Answered
Your Score History
You have not taken this quiz